000
00211 a2200097 4500
001
25229
100
_a
Synge, J L
245
_a
Relativity: General Theory
260
_a
_b
Nork Holl Pab
_c
090
_c
17000
_d
17000
942
_a
NUST-CAE
_c
M
_c
7782
999
_c
260302
_d
260302